| 000 | 01058nam a2200325 i 4500 | ||
|---|---|---|---|
| 001 | 9807 | ||
| 003 | KOSZ 005 | ||
| 005 | 20211008101322.0 | ||
| 008 | 000616s1979 pl a |000 0 pol | ||
| 015 | _aPB 1979/3585 | ||
| 040 |
_aWA N _cWA N _dKOSZ 005/HR |
||
| 041 | 0 | _apol | |
| 046 | _k1979 | ||
| 080 | _a655.1/.3 | ||
| 080 | _a004.932 | ||
| 080 | _a004.35 | ||
| 100 | 1 |
_aPastuszak, Włodzimierz _d(1949- ) _eAutor |
|
| 245 | 1 | 0 |
_aPrzygotowanie maszynopisów do automatycznej percepcji Czytnik CTM + Linotron 505 TC / _cWłodzimierz Pastuszak. |
| 260 |
_aWarszawa : _bWydawnictwa Naukowo-Techniczne, _c1979. |
||
| 300 |
_a83, [1] s. : _bil., tab. ; _c21 x 28 cm. |
||
| 380 | _aKsiążki | ||
| 388 | _a1901-2000 | ||
| 388 | _a1945-1989 | ||
| 650 | 4 | _aDrukarstwo | |
| 650 | 4 | _aKomputeryzacja | |
| 658 | _aInżynieria i technika | ||
| 710 | 2 |
_aWydawnictwa Naukowo-Techniczne _4pbl. |
|
| 856 |
_uhttp://koha.tu.koszalin.pl/cgi-bin/koha/opac-detail.pl?biblionumber=9807 _yKatalog online BPK |
||
| 942 |
_2UKD _cKS |
||
| 999 |
_c9807 _d9807 |
||